000 00454nam a2200193Ia 4500
008 170918s9999 xx 000 0 und d
020 _a9780440406730
050 _bO235 1970
100 _aO'Dell, Scott
245 _aSing down the moon /
245 _cScott O'Dell.
260 _aNew York :
260 _bA Yearling books,
260 _c1970
300 _a137 pages :
300 _bcolored illustration ;
300 _c19cm.
500 _a820
999 _c342059
_d342059